Loading...
| Current Events | 2 | 20.00 | 50% | 100% | 50% |
| Fine Arts - Classical Music | 4 | 12.50 | 75% | 50% | 0% |
| Fine Arts - Other Fine Arts | 5 | 20.00 | 100% | 80% | 20% |
| Geography | 3 | 23.33 | 100% | 100% | 33% |
| History - American History | 7 | 21.43 | 86% | 86% | 43% |
| History - European History | 5 | 22.00 | 100% | 80% | 40% |
| History - Other History | 8 | 18.75 | 100% | 63% | 25% |
| History - World History | 5 | 22.00 | 80% | 100% | 40% |
| Literature - American Literature | 6 | 20.00 | 100% | 67% | 33% |
| Literature - British Literature | 3 | 16.67 | 100% | 67% | 0% |
| Literature - European Literature | 3 | 16.67 | 100% | 33% | 33% |
| Literature - World Literature | 7 | 17.14 | 86% | 71% | 14% |
| Mythology | 5 | 22.00 | 100% | 80% | 40% |
| Painting/Sculpture | 5 | 18.00 | 100% | 60% | 20% |
| Philosophy | 4 | 17.50 | 100% | 75% | 0% |
| Pop Culture | 5 | 20.00 | 80% | 80% | 40% |
| Religion | 6 | 20.00 | 100% | 83% | 17% |
| Science - Biology | 8 | 25.00 | 88% | 100% | 63% |
| Science - Chemistry | 7 | 18.57 | 86% | 43% | 57% |
| Science - Other Science | 6 | 21.67 | 83% | 100% | 33% |
| Science - Physics | 3 | 16.67 | 100% | 67% | 0% |
| Social Science | 6 | 18.33 | 83% | 50% | 50% |